Xem lưỡi để chẩn đoán bệnh chứng

Guardat en:
Dades bibliogràfiques
Autor principal: Thái Ngọc Thanh
Format: Llibre
Idioma:Undetermined
Publicat: Hà Nội Y Học 2000
Matèries:
Etiquetes: Afegir etiqueta
Sense etiquetes, Sigues el primer a etiquetar aquest registre!
Thư viện lưu trữ: Trung tâm Học liệu Trường Đại học Cần Thơ
LEADER 00502nam a2200169Ia 4500
001 CTU_42685
008 210402s9999 xx 000 0 und d
082 |a 615.882 
082 |b Th107 
100 |a Thái Ngọc Thanh 
245 0 |a Xem lưỡi để chẩn đoán bệnh chứng 
245 0 |c Thái Ngọc Thanh, Thái Hoàng Oanh 
260 |a Hà Nội 
260 |b Y Học 
260 |c 2000 
650 |a folk medicine 
980 |a Trung tâm Học liệu Trường Đại học Cần Thơ